Normal view
MARC view
- Berger, Peter L.,
Entry Personal Name
001 - CONTROL NUMBER
- control field: 15260
003 - CONTROL NUMBER IDENTIFIER
- control field: OSt
005 - DATE AND TIME OF LATEST TRANSACTION
- control field: 20260205122849.0
008 - FIXED-LENGTH DATA ELEMENTS
- fixed length control field: 260205|| aca||aabn | a|a d
040 ## - CATALOGING SOURCE
- Original cataloging agency: OSt
- Transcribing agency: OSt
100 ## - HEADING--PERSONAL NAME
- Personal name: Berger, Peter L.,
- Dates associated with a name: 1929-2017
670 ## - SOURCE DATA FOUND
- Source citation: Work cat.: (OSt)6034: The limits of social cohesion :, 1998.